000 00726nam a2200253 i 4500
001 C2-0266787
003 PPAK
005 20180727234158.0
008 050824s2004 nyua|||| ||||| | eng d
020 _a0783513046
040 _aPPAK
_beng
_cPPAK
_erda
082 0 4 _a398.2
_223
090 0 0 _a398.2
_bDRA
_dRK
245 0 4 _aThe dragon who couldn't breathe fire
264 1 _a[New York] :
_bEducational Technologies ,
_c2004
300 _a29 pages :
_bcolour illustrations ;
_c30 cm
336 _2rdacontent
_atext
337 _2rdamedia
_aunmediated
338 _2rdacarrier
_avolume
490 1 _aA child's first library of values
650 1 0 _aTales.
830 0 _aA child's first library of values
942 _ddc
_cB
999 _c75879
_d75879